书目信息 |
| 题名: |
高油酸花生
|
|
| 作者: | 王传堂 , 朱立贵 主编 | |
| 分册: | ||
| 出版信息: | 上海 上海科学技术出版社 2017.12 |
|
| 页数: | 428页 | |
| 开本: | 24cm | |
| 丛书名: | ||
| 单 册: | ||
| 中图分类: | S565.2 | |
| 科图分类: | ||
| 主题词: | 花生--栽培技术 | |
| 电子资源: | ||
| ISBN: | 978-7-5478-3643-9 | |
| 000 | 01113nam0 2200241 450 | |
| 001 | 3857 | |
| 005 | 20181008163222.19 | |
| 010 | @a978-7-5478-3643-9@b精装@dCNY120.00 | |
| 100 | @a20180217d2017 em y0chiy50 ea | |
| 101 | 0 | @achi |
| 102 | @aCN@b310000 | |
| 105 | @aaf z 001yy | |
| 200 | 1 | @a高油酸花生@9gao you suan hua sheng@dHigh oleic ACICL peanuts@f王传堂,朱立贵主编@zeng |
| 210 | @a上海@c上海科学技术出版社@d2017.12 | |
| 215 | @a428页@c彩图,彩照@d24cm | |
| 330 | @a本书是国内第一部关于高油酸花生的专著。全书共分9章。首先介绍高油酸花生相关 背景知识、社会经济价值以及花生高油酸特性与其他性状的关系;接着论述了高油酸花生育种方法、选择鉴定技术,综合分析了国内外高油酸花生品种系谱;然后逐一详述中国、美国、澳大利亚、阿根廷等国高油酸花生品种(系),归纳总结了国内外高油酸花生种子繁育最新技术;最后探讨了高油酸花生产业化策略,并对高油 酸花生产业化前景作了展望。 | |
| 510 | 1 | @aHigh oleic ACICL peanuts@zeng |
| 606 | 0 | @a花生@x栽培技术 |
| 690 | @aS565.2@v5 | |
| 701 | 0 | @a王传堂@9wang chuan tang@4主编 |
| 701 | 0 | @a朱立贵@9zhu li gui@4主编 |
| 801 | 0 | @aCN@b91MARC@c20180217 |
| 905 | @aMuseLib@dS565.2@e79 | |
| 高油酸花生=High oleic ACICL peanuts/王传堂,朱立贵主编.-上海:上海科学技术出版社,2017.12 |
| 428页:彩图,彩照;24cm |
| ISBN 978-7-5478-3643-9(精装):CNY120.00 |
| 本书是国内第一部关于高油酸花生的专著。全书共分9章。首先介绍高油酸花生相关 背景知识、社会经济价值以及花生高油酸特性与其他性状的关系;接着论述了高油酸花生育种方法、选择鉴定技术,综合分析了国内外高油酸花生品种系谱;然后逐一详述中国、美国、澳大利亚、阿根廷等国高油酸花生品种(系),归纳总结了国内外高油酸花生种子繁育最新技术;最后探讨了高油酸花生产业化策略,并对高油 酸花生产业化前景作了展望。 |
| ● |
| 相关链接 |
|
|
|
|
正题名:高油酸花生
索取号:S565.2/79
 
预约/预借
| 序号 | 登录号 | 条形码 | 馆藏地/架位号 | 状态 | 备注 |
| 1 | 1123958 | 211239587 | 第二样本阅览室/ [索取号:S565.2/79] | 在馆 | |
| 2 | 1123959 | 211239596 | 第三借阅区/ [索取号:S565.2/79] | 在馆 | |
| 3 | 1123960 | 211239603 | 密集书库-生命科学系/ [索取号:S565.2/79] | 在馆 |